Central Library, Doon University
WEBOPAC (ONLINE PUBLIC ACCESS CATALOGUE)

Network Usage Enterpreneurial Orientation and Their Effectiveness on SMEs Growth (Record no. 59715)

MARC details
000 -LEADER
fixed length control field 00518nam a22001817a 4500
005 - DATE & TIME
control field 20250421120050.0
008 - FIXED-LENGTH DATA ELEMENTS--GENERAL INFORMATION
fixed length control field 250421b |||||||| |||| 00| 0 eng d
040 ## - CATALOGING SOURCE
Original cataloging agency Doon University
041 ## - Language
Language English
100 ## - MAIN ENTRY--PERSONAL NAME
Personal name Martins Izaias
245 ## - TITLE STATEMENT
Title Network Usage Enterpreneurial Orientation and Their Effectiveness on SMEs Growth
250 ## - EDITION STATEMENT
Edition statement Los Angeles
260 ## - PUBLICATION, DISTRIBUTION, ETC. (IMPRINT)
Place of publication, distribution, etc Los Angeles
Name of publisher, distributor, etc SAGE
Date of publication, distribution, etc 2016
300 ## - PHYSICAL DESCRIPTION
Pages 18-41
Other Details BJ557
440 ## - Series Statement
Series Title The Journal of Entrepreneurship
650 ## - Subject
Subject Management
942 ## - ADDED ENTRY ELEMENTS (KOHA)
Koha item type Article Indexing
100 ## - MAIN ENTRY--PERSONAL NAME
-- 25636
440 ## - Series Statement
-- 25637
952 ## - LOCATION AND ITEM INFORMATION (KOHA)
-- 2025-04-21
Holdings
Withdrawn status Lost status Source of classification or shelving scheme Damaged status Not for loan Location (home branch) Sublocation or collection (holding branch) Date acquired Serial Enumeration / chronology Koha issues (times borrowed) Accession No. Koha date last seen Koha item type
          Doon University Doon University 21.04.2025 Vol25,No1(BJ557)   BJ557.1 21.04.2025 Article Indexing
Contact : +91-135-2533126 (Library),+91-135-2533105 (Admin Office) , Email : doonlibrary@gmail.com

Powered by Koha